01387nam a22003254a 4500001001200000003000800012006001900020007001500039008004100054010001700095020003600112020003500148040002100183035002100204050003000225082001500255100002100270245010700291260006100398300002500459504006400484533015200548650006000700650005800760650005200818655002900870700001900899710001700918856012600935ebr10026252CaPaEBRm u cr cn|||||||||991206s2000 dcua sb 001 0 eng  z 99050858  z0815728360 (cloth : alk. paper) z0815728352 (pbk. : alk. paper) aCaPaEBRcCaPaEBR a(OCoLC)61462425614aLB2822.84.N45bF58 2000eb04a379.932211 aFiske, Edward B.10aWhen schools competeh[electronic resource] :ba cautionary tale /cEdward B. Fiske and Helen F. Ladd. aWashington, D.C. :bBrookings Institution Press,cc2000. axvii, 342 p. :bill. aIncludes bibliographical references (p. 323-328) and index. aElectronic reproduction.bPalo Alto, Calif. :cebrary,d2013.nAvailable via World Wide Web.nAccess may be limited to ebrary affiliated libraries. 0aSchool improvement programszNew ZealandvCase studies. 0aEducationxSocial aspectszNew ZealandvCase studies. 0aEducation and statezNew ZealandvCase studies. 7aElectronic books.2local1 aLadd, Helen F.2 aebrary, Inc.40uhttp://site.ebrary.com/lib/rucke/Doc?id=10026252zAn electronic book accessible through the World Wide Web; click to view